| 000 | 00645nam a2200205 a 4500 | ||
|---|---|---|---|
| 999 |
_c3453 _d3453 |
||
| 003 | BD-JhCC | ||
| 005 | 20171113202154.0 | ||
| 008 | 171113s1964 bg |||| ||a| 000 0 ben d | ||
| 035 | _a(BD-JhCC) | ||
| 040 |
_aBD-JhCC _dBD-JhCC |
||
| 041 | _aben | ||
| 082 |
_a297 _bAHM 1964 |
||
| 100 | _aআহমদ, নুরুদ্দীন | ||
| 245 |
_aশাহাদতে হোসাইন / _cনুরুদ্দীন আহমদ |
||
| 260 |
_aঢাকা : _bইসলামিয়া লাইব্রেরী ঢাকা , _c1964 |
||
| 300 |
_a102 p .: _c17 cm . |
||
| 650 | _aHistoryof Islam | ||
| 942 |
_2ddc _cBK |
||